Statystyki dla Bułgarskie obwody

Kliknij tutaj aby rozwiązać quiz!

Ogólne statystyki

  • Ten quiz został rozwiązany 4 razy
  • Średni wynik to 11 z 28

Statystyki odpowiedzi

Obwód% Poprawnych
Sofia
100%
Błagojewgrad
75%
Warna
75%
Burgas
50%
Dobricz
50%
Montana
50%
Plewen
50%
Płowdiw
50%
Sofijski
50%
Stara Zagora
50%
Chaskowo
25%
Gabrowo
25%
Jamboł
25%
Kiustendił
25%
Kyrdżali
25%
Łowecz
25%
Pazardżik
25%
Pernik
25%
Razgrad
25%
Ruse
25%
Silistra
25%
Sliwen
25%
Smolan
25%
Szumen
25%
Tyrgowiszte
25%
Widyń
25%
Wielkie Tyrnowo
25%
Wraca
25%

Rozkład punktacji

Percentyl według liczby udzielonych odpowiedzi

Procent ludzi z każdym wynikiem

Twoja historia wyników

Nie rozwiązałeś tego quizu